[Event "DEM U12w 2018"]
[Site "Willingen GER"]
[Date "2018.05.22"]
[Round "5"]
[White "Roncea, Andreea-Alexandra"]
[Black "Pohle, Saskia"]
[Result "0-1"]
[Termination "normal"]
[Board "6"]
[WhiteElo "1532"]
[BlackElo "1611"]
[WhiteClock "00:14:43"]
[BlackClock "00:17:03"]
[PlyCount "150"]
[WhiteFideId "16233115"]
[BlackFideId "16201604"]
[EventCountry "GER"]
[EventRounds "11"]
[EventType "swiss"]
[EventDate "2018.05.19"]

1. e4 {[%clk 1:15:58]} 1... e5 {[%clk 1:15:57]} 2. Nf3 {[%clk 1:16:22]} 2...
Nc6 {[%clk 1:16:23]} 3. Bc4 {[%clk 1:16:44]} 3... Nf6 {[%clk 1:16:48]} 4. d4 {
[%clk 1:17:00]} 4... exd4 {[%clk 1:17:10]} 5. e5 {[%clk 1:17:19]} 5... d5 {
[%clk 1:17:36]} 6. Bb5 {[%clk 1:17:41]} 6... Ne4 {[%clk 1:18:00]} 7. Nxd4 {
[%clk 1:17:54]} 7... Bd7 {[%clk 1:18:22]} 8. Bxc6 {[%clk 1:18:04]} 8... bxc6 {
[%clk 1:18:48]} 9. O-O {[%clk 1:18:12]} 9... Bc5 {[%clk 1:19:11]} 10. f3 {
[%clk 1:18:08]} 10... Ng5 {[%clk 1:19:37]} 11. f4 {[%clk 1:18:25]} 11... Ne4 {
[%clk 1:20:04]} 12. Be3 {[%clk 1:18:34]} 12... Bb6 {[%clk 1:20:17]} 13. Nd2 {
[%clk 1:18:42]} 13... Nxd2 {[%clk 1:20:40]} 14. Qxd2 {[%clk 1:18:54]} 14... c5
{[%clk 1:21:04]} 15. Nf3 {[%clk 1:19:09]} 15... d4 {[%clk 1:21:30]} 16. Bf2 {
[%clk 1:19:34]} 16... Be6 {[%clk 1:20:52]} 17. Bh4 {[%clk 1:17:09]} 17... Qd7 {
[%clk 1:21:11]} 18. b3 {[%clk 1:14:44]} 18... O-O {[%clk 1:19:39]} 19. c4 {
[%clk 1:12:38]} 19... a5 {[%clk 1:09:53]} 20. h3 {[%clk 1:09:56]} 20... h5 {
[%clk 0:53:06]} 21. Qf2 {[%clk 1:00:07]} 21... Bf5 {[%clk 0:50:15]} 22. Qg3 {
[%clk 0:52:25]} 22... Bg6 {[%clk 0:50:19]} 23. Bg5 {[%clk 0:46:55]} 23... Qf5 {
[%clk 0:22:53]} 24. Qh4 {[%clk 0:41:11]} 24... f6 {[%clk 0:04:38]} 25. exf6 {
[%clk 0:39:40]} 25... gxf6 {[%clk 0:04:56]} 26. Bh6 {[%clk 0:39:54]} 26... Rf7
{[%clk 0:05:02]} 27. g4 {[%clk 0:39:02]} 27... hxg4 {[%clk 0:04:47]} 28. hxg4 {
[%clk 0:39:05]} 28... Qe4 {[%clk 0:04:30]} 29. g5 {[%clk 0:32:25]} 29... Qe3+ {
[%clk 0:00:48]} 30. Kh1 {[%clk 0:32:05]} 30... Be4 {[%clk 0:01:05]} 31. Qg3 {
[%clk 0:30:49]} 31... Kh8 {[%clk 0:01:02]} 32. g6 {[%clk 0:28:57]} 32... Re7 {
[%clk 0:01:29]} 33. Qh3 {[%clk 0:28:40]} 33... Bxg6 {[%clk 0:01:20]} 34. Rg1 {
[%clk 0:27:16]} 34... Rg8 {[%clk 0:01:16]} 35. f5 {[%clk 0:26:23]} 35... Qd3 {
[%clk 0:01:07]} 36. Bg7+ {[%clk 0:24:40]} 36... Kxg7 {[%clk 0:01:27]} 37. Rxg6+
{[%clk 0:25:01]} 37... Kf8 {[%clk 0:01:44]} 38. Qh6+ {[%clk 0:21:52]} 38...
Reg7 {[%clk 0:01:59]} 39. Rxf6+ {[%clk 0:21:25]} 39... Ke7 {[%clk 0:01:55]} 40.
Re1+ {[%clk 0:15:33]} 40... Kd8 {[%clk 0:02:18]} 41. Ne5 {[%clk 0:11:29]} 41...
Rg1+ {[%clk 0:13:49]} 42. Rxg1 {[%clk 0:26:23]} 42... Qe4+ {[%clk 0:14:13]} 43.
Kh2 {[%clk 0:26:22]} 43... Qxe5+ {[%clk 0:14:37]} 44. Kh1 {[%clk 0:25:53]}
44... Qe4+ {[%clk 0:15:02]} 45. Kh2 {[%clk 0:25:51]} 45... Qe2+ {[%clk 0:15:29]
} 46. Kh3 {[%clk 0:21:14]} 46... Qf3+ {[%clk 0:15:32]} 47. Kh4 {[%clk 0:18:45]}
47... Qf2+ {[%clk 0:16:00]} 48. Kh3 {[%clk 0:18:37]} 48... Qxg1 {[%clk 0:14:41]
} 49. Rf8+ {[%clk 0:16:44]} 49... Rxf8 {[%clk 0:15:01]} 50. Qxf8+ { [%clk
0:17:08]} 50... Kd7 {[%clk 0:15:27]} 51. f6 {[%clk 0:16:26]} 51... Qe3+ { [%clk
0:15:43]} 52. Kh2 {[%clk 0:16:24]} 52... Qe8 {[%clk 0:15:58]} 53. Qg7+ { [%clk
0:16:12]} 53... Ke6 {[%clk 0:16:11]} 54. Qg4+ {[%clk 0:15:44]} 54... Kxf6
{[%clk 0:16:29]} 55. Qf4+ {[%clk 0:15:39]} 55... Ke7 {[%clk 0:16:41]} 56. Qg5+
{[%clk 0:15:36]} 56... Kd6 {[%clk 0:16:11]} 57. Qd5+ {[%clk 0:15:45]} 57... Ke7
{[%clk 0:16:26]} 58. Qg5+ {[%clk 0:15:29]} 58... Ke6 {[%clk 0:14:39]} 59. Qg4+
{[%clk 0:13:13]} 59... Kd6 {[%clk 0:14:58]} 60. Qg2 {[%clk 0:12:31]} 60... Qe5+
{[%clk 0:14:57]} 61. Kh1 {[%clk 0:12:08]} 61... c6 {[%clk 0:13:09]} 62. Qg6+ {
[%clk 0:12:00]} 62... Kc7 {[%clk 0:13:15]} 63. Qf7+ {[%clk 0:11:39]} 63... Kb8
{[%clk 0:13:29]} 64. Qf8+ {[%clk 0:11:40]} 64... Kb7 {[%clk 0:13:49]} 65. Qf7+
{[%clk 0:11:48]} 65... Bc7 {[%clk 0:14:07]} 66. Qf2 {[%clk 0:11:57]} 66... Qh5+
{[%clk 0:14:00]} 67. Kg1 {[%clk 0:12:11]} 67... Qg4+ {[%clk 0:14:23]} 68. Kh1 {
[%clk 0:12:31]} 68... Qh3+ {[%clk 0:14:44]} 69. Kg1 {[%clk 0:12:51]} 69... Qg3+
{[%clk 0:15:07]} 70. Qxg3 {[%clk 0:13:08]} 70... Bxg3 {[%clk 0:15:31]} 71. Kf1
{[%clk 0:13:31]} 71... a4 {[%clk 0:15:39]} 72. bxa4 {[%clk 0:13:51]} 72... Ka6
{[%clk 0:16:04]} 73. Ke2 {[%clk 0:14:12]} 73... Ka5 {[%clk 0:16:23]} 74. Kd3 {
[%clk 0:14:34]} 74... Kxa4 {[%clk 0:16:43]} 75. Kd2 {[%clk 0:14:43]} 75... Kb4
{[%clk 0:17:03]} 0-1

[Event "DEM U12w 2018"]
[Site "Willingen GER"]
[Date "2018.05.22"]
[Round "5"]
[White "Adelmeyer, Nelly"]
[Black "Derling, Charlotte"]
[Result "1/2-1/2"]
[Termination "normal"]
[Board "8"]
[WhiteElo "1416"]
[BlackElo "1449"]
[WhiteClock "01:00:40"]
[BlackClock "01:14:53"]
[PlyCount "96"]
[WhiteFideId "16203577"]
[BlackFideId "16222237"]
[EventCountry "GER"]
[EventRounds "11"]
[EventType "swiss"]
[EventDate "2018.05.19"]

1. e4 {[%clk 1:15:59]} 1... e5 {[%clk 1:15:56]} 2. Nf3 {[%clk 1:16:25]} 2...
Nc6 {[%clk 1:16:24]} 3. d4 {[%clk 1:16:49]} 3... exd4 {[%clk 1:16:48]} 4. Nxd4
{[%clk 1:17:14]} 4... Bc5 {[%clk 1:17:13]} 5. Be3 {[%clk 1:17:40]} 5... Qf6 {
[%clk 1:17:29]} 6. c3 {[%clk 1:18:07]} 6... Nge7 {[%clk 1:17:45]} 7. Be2 {
[%clk 1:18:29]} 7... d6 {[%clk 1:17:55]} 8. O-O {[%clk 1:18:54]} 8... O-O {
[%clk 1:18:19]} 9. Nxc6 {[%clk 1:18:38]} 9... Nxc6 {[%clk 1:18:39]} 10. Bxc5 {
[%clk 1:18:55]} 10... dxc5 {[%clk 1:19:04]} 11. Bb5 {[%clk 1:17:38]} 11... Qd6
{[%clk 1:17:13]} 12. Qxd6 {[%clk 1:17:34]} 12... cxd6 {[%clk 1:17:38]} 13. Bxc6
{[%clk 1:17:53]} 13... bxc6 {[%clk 1:18:04]} 14. Nd2 {[%clk 1:18:09]} 14... Rb8
{[%clk 1:17:43]} 15. b3 {[%clk 1:18:34]} 15... Ba6 {[%clk 1:17:27]} 16. c4 {
[%clk 1:18:55]} 16... Rfe8 {[%clk 1:17:17]} 17. Rfe1 {[%clk 1:19:19]} 17... Bb7
{[%clk 1:16:36]} 18. Nf3 {[%clk 1:19:37]} 18... d5 {[%clk 1:16:31]} 19. exd5 {
[%clk 1:19:40]} 19... cxd5 {[%clk 1:16:52]} 20. cxd5 {[%clk 1:19:07]} 20...
Bxd5 {[%clk 1:17:17]} 21. Ne5 {[%clk 1:19:21]} 21... Rbd8 {[%clk 1:16:50]} 22.
Rac1 {[%clk 1:19:06]} 22... Rc8 {[%clk 1:16:32]} 23. Nd3 {[%clk 1:17:30]} 23...
Rxe1+ {[%clk 1:15:53]} 24. Rxe1 {[%clk 1:17:50]} 24... c4 {[%clk 1:15:16]} 25.
bxc4 {[%clk 1:18:13]} 25... Bxc4 {[%clk 1:15:42]} 26. Nb4 {[%clk 1:17:02]}
26... h6 {[%clk 1:15:39]} 27. Rc1 {[%clk 1:15:59]} 27... Be6 {[%clk 1:15:43]}
28. Rxc8+ {[%clk 1:16:24]} 28... Bxc8 {[%clk 1:16:08]} 29. Nc6 {[%clk 1:16:49]}
29... Be6 {[%clk 1:15:58]} 30. a3 {[%clk 1:16:47]} 30... a6 {[%clk 1:16:18]}
31. Kf1 {[%clk 1:16:46]} 31... Kf8 {[%clk 1:16:31]} 32. f3 {[%clk 1:16:23]}
32... Ke8 {[%clk 1:16:28]} 33. Ke1 {[%clk 1:16:25]} 33... Bd5 {[%clk 1:16:16]}
34. Nb4 {[%clk 1:16:38]} 34... Bc4 {[%clk 1:16:43]} 35. Kd2 {[%clk 1:16:57]}
35... Kd7 {[%clk 1:16:57]} 36. Kc3 {[%clk 1:16:46]} 36... Bf1 {[%clk 1:17:11]}
37. g3 {[%clk 1:17:12]} 37... Kd6 {[%clk 1:17:02]} 38. Kd4 {[%clk 1:17:36]}
38... Bb5 {[%clk 1:16:45]} 39. Nc2 {[%clk 1:17:19]} 39... h5 {[%clk 1:16:17]}
40. Ne3 {[%clk 1:17:35]} 40... g6 {[%clk 1:16:29]} 41. h4 {[%clk 1:17:31]}
41... Be2 {[%clk 1:16:26]} 42. f4 {[%clk 1:17:13]} 42... Bb5 {[%clk 1:16:47]}
43. f5 {[%clk 1:17:10]} 43... Be2 {[%clk 1:15:41]} 44. fxg6 {[%clk 1:13:58]}
44... fxg6 {[%clk 1:16:06]} 45. Nc2 {[%clk 1:05:42]} 45... Bb5 {[%clk 1:15:27]}
46. Nb4 {[%clk 1:04:39]} 46... Be2 {[%clk 1:15:13]} 47. Nd5 {[%clk 1:03:39]}
47... Bd1 {[%clk 1:14:57]} 48. Ne3 {[%clk 1:00:40]} 48... Be2 {[%clk 1:14:53]}
1/2-1/2

[Event "DEM U12w 2018"]
[Site "Willingen GER"]
[Date "2018.05.22"]
[Round "5"]
[White "Bildat, Emilia"]
[Black "Breß, Amy Charlize"]
[Result "1-0"]
[Termination "normal"]
[Board "9"]
[WhiteElo "1460"]
[BlackElo "1558"]
[WhiteClock "00:28:19"]
[BlackClock "00:01:30"]
[PlyCount "79"]
[WhiteFideId "16218140"]
[BlackFideId "16233786"]
[EventCountry "GER"]
[EventRounds "11"]
[EventType "swiss"]
[EventDate "2018.05.19"]

1. d4 {[%clk 1:15:58]} 1... Nf6 {[%clk 1:15:50]} 2. Bf4 {[%clk 1:16:21]} 2...
e6 {[%clk 1:16:07]} 3. e3 {[%clk 1:16:43]} 3... c5 {[%clk 1:15:59]} 4. c3 {
[%clk 1:17:02]} 4... b6 {[%clk 1:15:56]} 5. Nd2 {[%clk 1:16:32]} 5... Bb7 {
[%clk 1:15:40]} 6. Ngf3 {[%clk 1:16:31]} 6... d6 {[%clk 1:14:37]} 7. h3 { [%clk
1:16:34]} 7... Nbd7 {[%clk 1:12:50]} 8. Bd3 {[%clk 1:13:09]} 8... Be7 { [%clk
1:12:54]} 9. Nc4 {[%clk 1:12:34]} 9... Qc7 {[%clk 1:09:56]} 10. a4 { [%clk
1:09:49]} 10... a6 {[%clk 1:00:41]} 11. O-O {[%clk 1:06:13]} 11... O-O { [%clk
1:00:57]} 12. b4 {[%clk 1:03:32]} 12... Bd5 {[%clk 0:51:23]} 13. Qe2 { [%clk
0:52:29]} 13... Rfc8 {[%clk 0:36:33]} 14. e4 {[%clk 0:40:17]} 14... Bxc4 {[%clk
0:26:40]} 15. Bxc4 {[%clk 0:40:41]} 15... Nxe4 {[%clk 0:22:30]} 16. Qxe4 {[%clk
0:38:31]} 16... d5 {[%clk 0:22:46]} 17. Bxd5 {[%clk 0:38:26]} 17... exd5 {[%clk
0:20:24]} 18. Qxe7 {[%clk 0:38:14]} 18... Qxf4 {[%clk 0:18:58]} 19. Qxd7 {[%clk
0:38:23]} 19... cxb4 {[%clk 0:16:57]} 20. cxb4 {[%clk 0:38:42]} 20... Rd8
{[%clk 0:13:32]} 21. Qc6 {[%clk 0:37:06]} 21... Qd6 {[%clk 0:08:02]} 22. Qxd6
{[%clk 0:37:10]} 22... Rxd6 {[%clk 0:08:27]} 23. Rac1 {[%clk 0:37:25]} 23... f6
{[%clk 0:08:09]} 24. Rc7 {[%clk 0:37:03]} 24... Rdd8 {[%clk 0:05:47]} 25. Re1
{[%clk 0:35:24]} 25... Rac8 {[%clk 0:05:15]} 26. Ree7 {[%clk 0:34:31]} 26...
Rxc7 {[%clk 0:04:05]} 27. Rxc7 {[%clk 0:34:55]} 27... Rb8 {[%clk 0:03:22] } 28.
Kh2 {[%clk 0:31:59]} 28... Kf8 {[%clk 0:02:58]} 29. Kg3 {[%clk 0:31:26]} 29...
h6 {[%clk 0:01:09]} 30. Kf4 {[%clk 0:31:03]} 30... g6 {[%clk 0:01:35]} 31. Ra7
{[%clk 0:29:15]} 31... a5 {[%clk 0:01:00]} 32. bxa5 {[%clk 0:28:22]} 32... bxa5
{[%clk 0:01:24]} 33. Rxa5 {[%clk 0:28:40]} 33... Rd8 {[%clk 0:01:52] } 34. Rb5
{[%clk 0:28:50]} 34... Ke7 {[%clk 0:01:38]} 35. Nd2 {[%clk 0:27:49]} 35... Ra8
{[%clk 0:01:47]} 36. a5 {[%clk 0:28:10]} 36... Ke6 {[%clk 0:01:49]} 37. Rb6+
{[%clk 0:28:08]} 37... Ke7 {[%clk 0:01:59]} 38. Nb3 {[%clk 0:28:10]} 38... Ra7
{[%clk 0:02:08]} 39. a6 {[%clk 0:28:19]} 39... Ra8 {[%clk 0:01:30]} 40. Nc5 1-0

[Event "DEM U12w 2018"]
[Site "Willingen GER"]
[Date "2018.05.22"]
[Round "5"]
[White "Schneider, Anna"]
[Black "Gossing, Marie-Sophie"]
[Result "1-0"]
[Termination "normal"]
[Board "10"]
[WhiteElo "1432"]
[BlackElo "1309"]
[PlyCount "69"]
[WhiteFideId "16200527"]
[BlackFideId "16217284"]
[EventCountry "GER"]
[EventRounds "11"]
[EventType "swiss"]
[EventDate "2018.05.19"]

1. e4 e5 2. Nf3 Nf6 3. Nxe5 d6 4. Nf3 Nxe4 5. Nc3 Nf6 6. d4 Bg4 7. Be2 Be7 8.
h3 Bh5 9. Be3 Nbd7 10. Qd2 c6 11. O-O-O b5 12. d5 b4 13. dxc6 bxc3 14. cxd7+
Qxd7 15. Qxc3 O-O 16. g4 Bg6 17. Ne5 Qe6 18. Nxg6 hxg6 19. Bc4 Qc8 20. Qd3 Rb8
21. f4 a5 22. f5 Qb7 23. Qb3 Qxb3 24. Bxb3 g5 25. Bxg5 Rfc8 26. Rhe1 Rc7 27.
Bf4 Rb6 28. Be3 Ra6 29. a4 Ra8 30. g5 Nd7 31. g6 Rb8 32. Ba7 Rxb3 33. Rxe7 Rbb7
34. Bf2 Ne5 35. Re8# 1-0

[Event "DEM U12w 2018"]
[Site "Willingen GER"]
[Date "2018.05.22"]
[Round "5"]
[White "Sinner, Joselyne"]
[Black "Buchholz, Maja"]
[Result "1-0"]
[Termination "normal"]
[Board "11"]
[WhiteElo "1541"]
[BlackElo "1320"]
[PlyCount "177"]
[WhiteFideId "16210387"]
[BlackFideId "16200500"]
[EventCountry "GER"]
[EventRounds "11"]
[EventType "swiss"]
[EventDate "2018.05.19"]

1. e4 c5 2. Nf3 g6 3. Nc3 Bg7 4. d4 cxd4 5. Nxd4 d6 6. Be3 Nf6 7. Be2 Nc6 8.
Qd2 O-O 9. O-O d5 10. Nxc6 bxc6 11. Rad1 Be6 12. e5 Nd7 13. f4 Nb6 14. b3 Rc8
15. Bf3 Qd7 16. Bc5 Rfe8 17. Ne2 Qb7 18. Nd4 Bd7 19. g4 e6 20. h4 Kh8 21. Qh2
Rg8 22. Kh1 Bf8 23. Bxf8 Rcxf8 24. h5 Qc8 25. Rg1 c5 26. Ne2 d4 27. Qh4 Qd8 28.
g5 Qe7 29. Rg2 Bc8 30. Ng3 Bb7 31. Ne4 Bxe4 32. Bxe4 Nd5 33. Rh2 Nc3 34. Re1
Nxe4 35. Rxe4 Qb7 36. Rhe2 Qa6 37. hxg6 Rxg6 38. a4 d3 39. cxd3 Qxd3 40. R2e3
Qd1+ 41. Qe1 Qxe1+ 42. Rxe1 Rd8 43. Rc4 Rd4 44. Rxd4 cxd4 45. Rd1 h6 46. gxh6
Rxh6+ 47. Kg2 Kg7 48. Rxd4 Rh8 49. Rd2 Rb8 50. Rb2 a5 51. Kf3 Rb4 52. Ke3 Kf8
53. Rd2 Rxb3+ 54. Ke4 Ke7 55. Rd6 Rb7 56. Rd4 Rb6 57. Rc4 Kd7 58. Kd4 Rc6 59.
Rc5 Ra6 60. Kc4 Rb6 61. Rxa5 Rb1 62. Kd3 Rb4 63. Ke3 Rb7 64. Rb5 Ra7 65. Rb4
Kc6 66. Kd4 Ra5 67. Kc4 Kc7 68. Kb3 Kc6 69. Ka3 Rc5 70. Rb8 Kc7 71. Rb5 Rc4 72.
a5 Rxf4 73. a6 Rh4 74. Rb7+ Kc6 75. Rxf7 Rh8 76. Re7 Kd5 77. Kb4 Kxe5 78. a7
Kd6 79. Rb7 Ra8 80. Kb5 e5 81. Kb6 e4 82. Rb8 Rxa7 83. Kxa7 Kd5 84. Rd8+ Ke5
85. Kb6 e3 86. Kc5 Ke4 87. Kc4 e2 88. Re8+ Kf3 89. Kd3 1-0

[Event "DEM U12w 2018"]
[Site "Willingen GER"]
[Date "2018.05.22"]
[Round "5"]
[White "Baltic, Sara"]
[Black "Petersen, Sophie"]
[Result "1-0"]
[Termination "normal"]
[Board "12"]
[WhiteElo "1432"]
[BlackElo "1431"]
[PlyCount "107"]
[WhiteFideId "16210409"]
[BlackFideId "16229380"]
[EventCountry "GER"]
[EventRounds "11"]
[EventType "swiss"]
[EventDate "2018.05.19"]

1. e4 c5 2. Nf3 d6 3. d4 cxd4 4. Nxd4 Nf6 5. Nc3 g6 6. Be3 Bg7 7. Bc4 O-O 8. f3
Nc6 9. Qd2 Bd7 10. O-O-O Rc8 11. Bb3 Ne5 12. Kb1 Nc4 13. Bxc4 Rxc4 14. g4 Re8
15. Nb3 Qc7 16. e5 dxe5 17. g5 Ng4 18. fxg4 Bxg4 19. Rde1 Rd8 20. Qf2 b6 21.
Nb5 Qc6 22. Nxa7 Qf3 23. Bxb6 Qxf2 24. Bxf2 Bf5 25. Re2 Be4 26. Rhe1 Bf3 27.
Rd2 Ra8 28. Nb5 e4 29. Bd4 Rb8 30. Bxg7 Kxg7 31. N5d4 Re8 32. Nxf3 exf3 33. Rf2
Rf4 34. Ref1 e5 35. Rxf3 Rxf3 36. Rxf3 e4 37. Re3 f5 38. Nc5 Kf7 39. a4 Ke7 40.
b4 Kd6 41. a5 Kc6 42. c3 Kb5 43. Kb2 Kc4 44. Nb7 Kd5 45. Nc5 Kc4 46. Ka3 Rd8
47. Nxe4 fxe4 48. Rxe4+ Kxc3 49. b5 Rd1 50. Re2 Kc4 51. b6 Kb5 52. b7 Rd3+ 53.
Ka2 Rd8 54. Rb2+ 1-0

[Event "DEM U12w 2018"]
[Site "Willingen GER"]
[Date "2018.05.22"]
[Round "5"]
[White "Zöllner, Bente"]
[Black "Feige, Adelina"]
[Result "1-0"]
[Termination "normal"]
[Board "13"]
[WhiteElo "1314"]
[BlackElo "1166"]
[PlyCount "153"]
[WhiteFideId "16230523"]
[BlackFideId "16265955"]
[EventCountry "GER"]
[EventRounds "11"]
[EventType "swiss"]
[EventDate "2018.05.19"]

1. d4 d5 2. c4 e6 3. Nc3 Nf6 4. Nf3 Nc6 5. Bg5 Be7 6. e3 O-O 7. cxd5 exd5 8.
Bd3 h6 9. Bh4 Be6 10. O-O Bg4 11. h3 Bh5 12. Be2 Re8 13. Qd2 Ne4 14. Nxe4 dxe4
15. Bxe7 Qxe7 16. Ne1 Bg6 17. Nc2 Qg5 18. Bg4 Rad8 19. Nb4 Ne5 20. Qe2 Nxg4 21.
Qxg4 Qb5 22. a3 a5 23. Nc2 Qxb2 24. Rfc1 b6 25. Rab1 Qa2 26. Ra1 Qb2 27. Rab1
Qc3 28. Ra1 c5 29. dxc5 bxc5 30. Ne1 Qe5 31. Qe2 Rd5 32. Qb5 Ra8 33. Ra2 Qg5
34. Rac2 Rc8 35. Qxa5 Bh5 36. Qa6 Rc7 37. Qb6 Rc8 38. Qb7 Qd8 39. a4 Rb8 40.
Qa7 Ra8 41. Qb7 Rxa4 42. Rxc5 Rxc5 43. Rxc5 Qd1 44. Rc8+ Kh7 45. Kh2 Qxe1 46.
Kg3 Qa5 47. Qe7 Qa6 48. Qf8 Qg6+ 49. Kh2 Qf6 50. Qg8+ Kg6 51. Qe8 Qd6+ 52. g3
Ra6 53. Qxe4+ f5 54. Qe8+ Kg5 55. h4+ Kg4 56. Rc4+ Kf3 57. Qxh5+ Kxf2 58. Rc2+
Kxe3 59. Qe2+ Kd4 60. Rd2+ Kc3 61. Rxd6 Rxd6 62. Qf3+ Kd4 63. Qxf5 Rc6 64. Qg4+
Kd5 65. Qxg7 Rc2+ 66. Kh3 Rc6 67. Qf7+ Kc5 68. h5 Kb6 69. Qg6 Kc5 70. Kg4 Kb5
71. Qxc6+ Kxc6 72. Kf5 Kd6 73. Kg6 Ke7 74. Kxh6 Kf8 75. Kh7 Ke7 76. g4 Kf7 77.
g5 1-0

[Event "DEM U12w 2018"]
[Site "Willingen GER"]
[Date "2018.05.22"]
[Round "5"]
[White "Heckler, Florentine"]
[Black "Alferova, Emily"]
[Result "0-1"]
[Termination "normal"]
[Board "14"]
[WhiteElo "1284"]
[BlackElo "1323"]
[PlyCount "76"]
[WhiteFideId "16240316"]
[BlackFideId "16265904"]
[EventCountry "GER"]
[EventRounds "11"]
[EventType "swiss"]
[EventDate "2018.05.19"]

1. Nf3 d5 2. g3 c6 3. Bg2 Nf6 4. O-O Bf5 5. c4 e6 6. cxd5 cxd5 7. Nc3 Bd6 8. d3
a6 9. Be3 Nbd7 10. Qb3 b5 11. Rac1 O-O 12. Rfd1 Re8 13. Rc2 Rc8 14. Rdc1 h6 15.
a3 Rc7 16. h3 g5 17. Nd4 Bg6 18. f4 e5 19. fxe5 Bxe5 20. Nxd5 Rxc2 21. Rxc2
Bxg3 22. Nc6 Nc5 23. Rxc5 Qd6 24. Nxf6+ Qxf6 25. Bd4 Qf4 26. Be5 Qe3+ 27. Kh1
Qxc5 28. Qc3 Qxc3 29. Bxc3 Rxe2 30. Nd4 Re7 31. Bb4 Rd7 32. Ne2 Be5 33. Bf3
Bxd3 34. Ng1 Bxb2 35. Bc6 Rc7 36. Bg2 Bd4 37. Bd2 Ra7 38. Nf3 Bb2 0-1

[Event "DEM U12w 2018"]
[Site "Willingen GER"]
[Date "2018.05.22"]
[Round "5"]
[White "Prinzen, Siri Marleen"]
[Black "Voigt, Anastasia"]
[Result "0-1"]
[Termination "normal"]
[Board "15"]
[WhiteElo "1227"]
[BlackElo "1281"]
[PlyCount "138"]
[WhiteFideId "16265912"]
[BlackFideId "16235223"]
[EventCountry "GER"]
[EventRounds "11"]
[EventType "swiss"]
[EventDate "2018.05.19"]

1. e4 e5 2. Nf3 Nc6 3. Bc4 Bc5 4. c3 Nf6 5. d3 d6 6. h3 a6 7. a4 Bd7 8. Bg5 h6
9. Bh4 g5 10. Bg3 Be6 11. Bxe6 fxe6 12. Qb3 Bb6 13. Qxe6+ Qe7 14. Qxe7+ Nxe7
15. Nbd2 O-O-O 16. d4 exd4 17. Nxd4 Ng6 18. O-O-O Rde8 19. Rhe1 Nh5 20. Re3
Ngf4 21. Bxf4 Nxf4 22. g3 Nxh3 23. Rf1 g4 24. f3 gxf3 25. Rexf3 Ng5 26. Rf4
Rhg8 27. Nf5 h5 28. Nh6 Rh8 29. Nf7 Nxf7 30. Rxf7 Be3 31. Re1 Rxe4 32. Kc2 Ree8
33. Rf5 Kd8 34. Rf7 Bb6 35. Rxe8+ Kxe8 36. Rg7 Ba5 37. Nc4 Kf8 38. Rd7 Ke8 39.
Rg7 Bb6 40. Nxb6 cxb6 41. Rxb7 Rg8 42. Rb8+ Kf7 43. Rxg8 Kxg8 44. Kd3 Kg7 45.
Ke4 Kg6 46. Kf4 Kf6 47. c4 Kg6 48. g4 h4 49. g5 h3 50. Kg3 Kxg5 51. Kxh3 Kf4
52. Kh4 Ke4 53. Kg5 Kd4 54. b3 Kc3 55. Kf5 Kxb3 56. Ke6 Kxc4 57. Kxd6 b5 58. a5
b4 59. Kc6 b3 60. Kb6 b2 61. Kxa6 b1=Q 62. Ka7 Kb5 63. a6 Qa2 64. Kb8 Qxa6 65.
Kc7 Qe6 66. Kd8 Qf7 67. Kc8 Qe7 68. Kb8 Kb6 69. Kc8 Qc7# 0-1

[Event "DEM U12w 2018"]
[Site "Willingen GER"]
[Date "2018.05.22"]
[Round "5"]
[White "Ulrich, Helena Irene"]
[Black "Shapiro, Nina"]
[Result "1/2-1/2"]
[Termination "normal"]
[Board "16"]
[WhiteElo "1282"]
[BlackElo "1281"]
[PlyCount "49"]
[WhiteFideId "16256000"]
[BlackFideId "16260007"]
[EventCountry "GER"]
[EventRounds "11"]
[EventType "swiss"]
[EventDate "2018.05.19"]

1. e4 c5 2. Nf3 d6 3. d4 cxd4 4. Nxd4 Nf6 5. Nc3 g6 6. Be3 Bg7 7. f3 O-O 8. Qd2
Nc6 9. O-O-O d5 10. exd5 Nxd5 11. Nxc6 bxc6 12. Bd4 e6 13. g4 Qh4 14. Bxg7 Kxg7
15. Bc4 a5 16. Bb3 Rd8 17. Qe1 Qxe1 18. Rhxe1 Ra7 19. Ba4 Bb7 20. Ne4 Rb8 21.
a3 Ba8 22. Rd2 Rab7 23. c4 Ne7 24. Nc5 Ra7 25. Red1 1/2-1/2

[Event "DEM U12w 2018"]
[Site "Willingen GER"]
[Date "2018.05.22"]
[Round "5"]
[White "Becker, Linda"]
[Black "von Rosen, Anna"]
[Result "1-0"]
[Termination "normal"]
[Board "17"]
[WhiteElo "1464"]
[BlackElo "1395"]
[PlyCount "65"]
[WhiteFideId "16244753"]
[BlackFideId "12982997"]
[EventCountry "GER"]
[EventRounds "11"]
[EventType "swiss"]
[EventDate "2018.05.19"]

1. e4 e5 2. Nf3 Nc6 3. d4 exd4 4. Nxd4 Bc5 5. Be3 Qf6 6. c3 Nge7 7. Bc4 b6 8.
O-O Bb7 9. Re1 O-O-O 10. b4 Bd6 11. Nd2 Rhe8 12. a4 Kb8 13. a5 Ka8 14. axb6
cxb6 15. Nb5 Nc8 16. f4 Bxf4 17. Bxf4 Qxf4 18. g3 Qf6 19. Nc7+ Kb8 20. Nxe8
Rxe8 21. Qb3 Ne5 22. Rf1 Qe7 23. Bxf7 Rf8 24. Bd5 Rxf1+ 25. Rxf1 Bxd5 26. Qxd5
Ng4 27. Rf7 Nf6 28. Rxe7 Nxd5 29. Rxd7 Nxc3 30. Rxg7 Nd6 31. e5 Nde4 32. Nxe4
Nxe4 33. e6 1-0

[Event "DEM U12w 2018"]
[Site "Willingen GER"]
[Date "2018.05.22"]
[Round "5"]
[White "Nguyen, Jenny Ha-Linh"]
[Black "Kumas, Alina"]
[Result "1-0"]
[Termination "normal"]
[Board "18"]
[WhiteElo "1360"]
[BlackElo "1157"]
[PlyCount "61"]
[WhiteFideId "16209729"]
[BlackFideId "16235789"]
[EventCountry "GER"]
[EventRounds "11"]
[EventType "swiss"]
[EventDate "2018.05.19"]

1. e4 e5 2. Nf3 Nc6 3. d4 exd4 4. Bc4 Nf6 5. O-O Bc5 6. e5 d5 7. exf6 dxc4 8.
Re1+ Kf8 9. fxg7+ Kxg7 10. Bf4 Re8 11. Rxe8 Qxe8 12. Bxc7 Bg4 13. Nbd2 Qe7 14.
Bg3 Rd8 15. Nxc4 f5 16. Qd3 Nb4 17. Qd2 Bxf3 18. gxf3 d3 19. Re1 Qf7 20. Ne5
Qh5 21. cxd3 Qh6 22. Qxh6+ Kxh6 23. Nf7+ Kg6 24. Nxd8 Nxd3 25. Re2 b6 26. Nc6
Nc1 27. Rc2 Nxa2 28. b3 Nb4 29. Nxb4 Bxb4 30. Bb8 a5 31. Rc6+ 1-0

[Event "DEM U12w 2018"]
[Site "Willingen GER"]
[Date "2018.05.22"]
[Round "5"]
[White "Kanno, Clara Yumi"]
[Black "Wimmer, Katharina"]
[Result "0-1"]
[Termination "normal"]
[Board "19"]
[WhiteElo "1073"]
[BlackElo "1169"]
[PlyCount "66"]
[WhiteFideId "16259661"]
[BlackFideId "16265947"]
[EventCountry "GER"]
[EventRounds "11"]
[EventType "swiss"]
[EventDate "2018.05.19"]

1. e4 e5 2. Nf3 Nc6 3. Bc4 Bc5 4. d3 d6 5. h3 Be6 6. Bb3 Nf6 7. Bg5 h6 8. Be3
Bb6 9. Nc3 Qd7 10. Qd2 Ne7 11. Ne2 c6 12. Ng3 Ng6 13. c4 Qc7 14. Bc2 a5 15. a4
O-O 16. b3 Bxe3 17. Qxe3 Nf4 18. Rg1 c5 19. h4 g6 20. Ne2 g5 21. Nxf4 exf4 22.
Qe2 {eingeschobener Zug, da hier sofort Df1} 22... -- 23. Qf1 23... Rfe8 24.
O-O-O Re7 25. Nd4 {Zug eingeschoben, da nun Sf5 gespielt wurde} 25... -- 26.
Nf5 Bxf5 27. exf5 Rae8 28. g4 Qb6 29. Qh3 { laut beiden Partieformularen wurde
hier Dh1 gespielt} 29... Qb4 30. h5 Qc3 31. f3 Re2 32. Rg2 Qa1+ 33. Bb1 Qb2#
0-1